| 000 | 00656cam a2200241 4500 | ||
|---|---|---|---|
| 001 | 769898 | ||
| 003 | OSt | ||
| 005 | 20250901165650.0 | ||
| 008 | 720908s1972 nyu 000 1 eng | ||
| 010 | _a 72000725 | ||
| 020 | _a0396065783 | ||
| 040 |
_aDLC _cDLC _dDLC |
||
| 050 | 0 | 0 |
_aPZ 4 .J7238 1972 _bLat _aPS3560.O394 |
| 082 | 0 | 0 | _a813/.5/4 |
| 100 | 1 | _aJohnston, Velda. | |
| 245 | 1 | 4 |
_aThe late Mrs. Fonsell; _ba novel of suspense. |
| 260 |
_aNew York, _bDodd, Mead _c[1972] |
||
| 300 |
_a215 p. _c21 cm. |
||
| 350 | _a$4.95 | ||
| 655 | 7 |
_aRomantic suspense fiction. _2gsafd |
|
| 906 |
_a7 _bcbc _corignew _d2 _eocip _f19 _gy-gencatlg |
||
| 942 |
_2lcc _cBK |
||
| 999 |
_c7444 _d7444 |
||